Statistics for Arctic Monkeys Lyrics - One Point Perspective

Click here to take the quiz!

General Stats

  • This quiz has been taken 35 times
  • The average score is 121 of 180

Answer Stats

Lyrics% Correct
I
100%
a
95%
my
95%
And
91%
for
91%
I'm
91%
The
91%
the
91%
by
86%
By
86%
on
86%
all
82%
covers
82%
Dancing
82%
gonna
82%
government
82%
in
82%
me,
82%
of
82%
run
82%
to
82%
underpants
82%
we
82%
band
77%
it
77%
no
77%
one
77%
baby
73%
'ere,
73%
form
73%
there
73%
with
73%
Back
68%
Bear
68%
"Come
68%
come
68%
just
68%
lost
68%
need
68%
Say,
68%
thought...
68%
thought
68%
train
68%
call
64%
get
64%
I've
64%
man,
64%
Mr.
64%
really
64%
'round
64%
'Round
64%
saw
64%
talk?"
64%
Winter
64%
Wonderland
64%
you
64%
been
59%
bottom
59%
did
59%
economists
59%
fantasise,
59%
good
59%
grand,
59%
hits
59%
kid,
59%
Money
59%
Oh,
59%
quits
59%
reality
59%
swim
59%
that
59%
time
59%
documentary
55%
driving
55%
else
55%
five
55%
imagined
55%
It's
55%
like
55%
listening
55%
maybe,
55%
out
55%
score
55%
stunning
55%
They
55%
This
55%
this
55%
Tree"
55%
unfortunately
55%
apocalypse
50%
as
50%
before
50%
cried
50%
cry
50%
ever
50%
freedom
50%
gets
50%
Multiplied
50%
played
50%
quiet
50%
rooms
50%
some
50%
tears
50%
bits
45%
blood
45%
city
45%
die
45%
finally
45%
hottest
45%
must
45%
Or
45%
singer
45%
suppose
45%
chimes
41%
cracks,
41%
fell
41%
fritz
41%
opening
41%
scene
41%
thirsty
41%
anorl
36%
beautiful
36%
photography
36%
prioritised
36%
shining
36%
Such
36%
worth
36%
"Singsong
32%
(Stop)
18%

Score Distribution

Percentile by Number Answered

Percent of People with Each Score

Your Score History

You have not taken this quiz